000 00138nam a22000857a 4500
082 _a823
100 _aMADAV
245 _aFRIENDS
942 _cBK
999 _c8173
_d8173